000 01045nam a2200253Ia 4500
003 IN-BaIIA
008 211028s9999 xx 000 0 eng d
020 _a0-9823-2238-X
040 _cIIA Library
080 _a082.2:52
_bIAU-S156
111 _aSymposium of the International Astronomical Union
_cChina
_d1992 Sept.15-19
_918209
245 0 _aDevelopments in astrometry and their impact on astrophysics and geodynamics
_bproceedings of the 156th symposium of the International Astronomical Union, held in Shanghai,China,September 15-19,1992
_cedited by Ivan I. Mueller and Barbara Kolaczek
260 _aDordrecht
_bKluwer Academic
_c1993
300 _axxxi, 440p.
490 _aIAU symposium; no. 156
650 _aAstrometry
650 _aAstronomy and Astrophysics thesaurus
650 _aAstrophysics
_9794
650 _aGeodynamics
_93578
700 _aKolaczek, Barbara, ed.
_99979
700 _aMueller, Ivan I., ed.
_918210
710 _aInternational Astronomical Union
942 _cBK
999 _c10674
_d10674